000 01290nam a2200325 a 4500
001 ebr10186217
003 CaPaEBR
006 m u
007 cr cn|||||||||
008 070320s2007 maua sb 001 0 eng
010 _z 2007011848
020 _z9780750682701 (alk. paper)
020 _z0750682701 (alk. paper)
040 _aCaPaEBR
_cCaPaEBR
035 _a(OCoLC)145732593
050 1 4 _aTN871
_b.G785 2007eb
082 0 4 _a665.5
_222
100 1 _aGuo, Boyun.
245 1 0 _aPetroleum production engineering
_h[electronic resource] :
_ba computer-assisted approach /
_cBoyun Guo, William C. Lyons, Ali Ghalambor.
260 _aBurlington, MA :
_bGulf Professional Pub.,
_cc2007.
300 _axix, 288 p. :
_bill.
504 _aIncludes bibliographical references and index.
533 _aElectronic reproduction.
_bPalo Alto, Calif. :
_cebrary,
_d2013.
_nAvailable via World Wide Web.
_nAccess may be limited to ebrary affiliated libraries.
650 0 _aPetroleum engineering
_xData processing.
655 7 _aElectronic books.
_2local
700 1 _aLyons, William C.
700 1 _aGhalambor, Ali.
710 2 _aebrary, Inc.
856 4 0 _uhttp://site.ebrary.com/lib/rucke/Doc?id=10186217
_zAn electronic book accessible through the World Wide Web; click to view
999 _c145163
_d145163